| 000 | 00826nas a2200253 4500 | ||
|---|---|---|---|
| 001 | BR9607294 | ||
| 003 | BR-BrBNA | ||
| 005 | 20231205095414.0 | ||
| 007 | ta | ||
| 008 | 230509b bl.|||p| |||| 00| 00por d | ||
| 040 |
_aBR-BrBNA _bpor _cBiblioteca Nacional de Agricultura |
||
| 041 | _a(Pt) | ||
| 072 | _aJ11 | ||
| 100 | 1 | _aFontes, L. da S. | |
| 100 | 1 | _aArthur, V. | |
| 100 | 1 | _aWiendl, F.M. | |
| 245 | 1 | _aEfeitos da radiacao gama do cobalto 60 na longevidade e reproducao de Tribolium castaneum (Herbst)(Coleoptera: tenebrionidae) | |
| 650 | _aPraga de Produto Armazenado | ||
| 650 | _aTribolium | ||
| 650 | _aRadiacao | ||
| 773 | 0 |
_tAnais da Sociedade Entomologica do Brasil (Brazil) _xISSN 0301-8059 _g(1995), v. 24(2) p. 419-421 _wBR9607294 |
|
| 909 |
_a202311 _bLúcia _c55 _dLúcia Elande |
||
| 942 |
_2AGRIS _n0 _cANA |
||
| 999 |
_c150475 _d150475 |
||